[Event "Chigorin Memorial 23rd"]
[Site "St Petersburg"]
[Date "2015.10.09"]
[Round "7"]
[White "Ivanov, Rostislav"]
[Black "Tskhadadze, Anna"]
[Result "1-0"]
[WhiteElo "2134"]
[BlackElo "1988"]
[PlyCount "79"]
[EventDate "2015.10.03"]
[EventType "swiss"]
[EventRounds "9"]
[EventCountry "RUS"]
[SourceTitle "CBM 168 Extra"]
[Source "ChessBase"]
[SourceDate "2015.10.29"]
[SourceVersion "1"]
[SourceVersionDate "2015.10.29"]
[SourceQuality "1"]

1. e4 c6 2. d4 d5 3. e5 Bf5 4. Nc3 Qb6 5. a3 Bd7 6. b4 e6 7. Be3 a5 8. bxa5 Qxa5 9. Bd2 Qc7 10. a4 c5 11. Nb5 Bxb5 12. Bxb5+ Nc6 13. c3 Nge7 14. Nf3 c4 15. 0-0 Nc8 16. Ng5 Be7 17. Qh5 Bxg5 18. Qxg5 0-0 19. Qg4 Kh8 20. Bc1 f5 21. exf6 Rxf6 22. Bg5 Rg6 23. Qh4 Nd6 24. Bf4 Qd7 25. Be5 Rf8 26. f4 Nxb5 27. axb5 Nxe5 28. fxe5 Rxf1+ 29. Rxf1 h6 30. Rf8+ Kh7 31. Qd8 Qxd8 32. Rxd8 Rg4 33. g3 Kg6 34. Rb8 Kf5 35. Rxb7 Ke4 36. Rf7 Kd3 37. Rf3+ Kd2 38. b6 Re4 39. b7 Re1+ 40. Rf1 1-0

[Event "Chigorin Memorial 23rd"]
[Site "St Petersburg"]
[Date "2015.10.07"]
[Round "5"]
[White "Ivanov, Rostislav"]
[Black "Machlik, Edit"]
[Result "1-0"]
[WhiteElo "2134"]
[BlackElo "1946"]
[PlyCount "79"]
[EventDate "2015.10.03"]
[EventType "swiss"]
[EventRounds "9"]
[EventCountry "RUS"]
[SourceTitle "CBM 168 Extra"]
[Source "ChessBase"]
[SourceDate "2015.10.29"]
[SourceVersion "1"]
[SourceVersionDate "2015.10.29"]
[SourceQuality "1"]

1. e4 c6 2. d4 d5 3. e5 c5 4. c3 Nc6 5. f4 cxd4 6. cxd4 Bf5 7. Nc3 e6 8. Bb5 Nge7 9. Nge2 a6 10. Bxc6+ Nxc6 11. 0-0 Be7 12. h3 h6 13. a3 0-0 14. b4 a5 15. b5 Na7 16. a4 Nc8 17. g4 Bh7 18. Ng3 f6 19. Nce2 Nb6 20. f5 Qd7 21. fxe6 Qxe6 22. Nf4 Qc8 23. Bd2 Qc4 24. Ne6 Bc2 25. Qf3 Rf7 26. Nf5 Kh7 27. Rac1 fxe5 28. Nexg7 e4 29. Qg3 Bf6 30. Ne6 Qxa4 31. Qf4 Bg5 32. Nxg5+ hxg5 33. Qxg5 Raf8 34. Qh6+ Kg8 35. Qxb6 Rf6 36. Qc5 Qb3 37. Qc7 R8f7 38. Nh6+ Kf8 39. Nxf7 Qxh3 40. Qd8+ 1-0

[Event "Chigorin Memorial 23rd"]
[Site "St Petersburg"]
[Date "2015.10.06"]
[Round "4"]
[White "Sedina, Elena"]
[Black "Ivanov, Rostislav"]
[Result "1-0"]
[WhiteElo "2322"]
[BlackElo "2134"]
[PlyCount "83"]
[EventDate "2015.10.03"]
[EventType "swiss"]
[EventRounds "9"]
[EventCountry "RUS"]
[SourceTitle "CBM 168 Extra"]
[Source "ChessBase"]
[SourceDate "2015.10.29"]
[SourceVersion "1"]
[SourceVersionDate "2015.10.29"]
[SourceQuality "1"]

1. e4 c5 2. Nf3 d6 3. Bb5+ Bd7 4. Bxd7+ Qxd7 5. 0-0 e5 6. c3 Nc6 7. d4 Nf6 8. dxe5 dxe5 9. Qe2 Be7 10. Bg5 0-0 11. Na3 h6 12. Rfd1 Qe6 13. Bxf6 Bxf6 14. Nb5 Rac8 15. Nd6 Rc7 16. a4 Rd7 17. Nc4 Rfd8 18. Rxd7 Rxd7 19. Ne3 Ne7 20. Rd1 Qc6 21. Rxd7 Qxd7 22. Qc4 b6 23. h3 h5 24. h4 g6 25. g3 Kf8 26. Kg2 Qc6 27. b3 Nc8 28. Nd5 Nd6 29. Qd3 Bg7 30. Nd2 Ke8 31. Nc4 Nc8 32. f3 Ne7 33. Nce3 Nxd5 34. Nxd5 Qd7 35. Qa6 f5 36. a5 fxe4 37. fxe4 Qg4 38. Qd3 bxa5 39. Qb5+ Kf7 40. Qc4 Ke8 41. Ne3 Qc8 42. Qg8+ 1-0

[Event "Chigorin Memorial 22nd"]
[Site "St Petersburg"]
[Date "2014.10.25"]
[Round "8"]
[White "Ivanov, Rostislav"]
[Black "Popov, Kirill"]
[Result "0-1"]
[WhiteElo "2129"]
[BlackElo "2303"]
[PlyCount "70"]
[EventDate "2014.10.18"]
[EventType "swiss"]
[EventRounds "9"]
[EventCountry "RUS"]
[SourceTitle "EXT 2015"]
[Source "ChessBase"]
[SourceDate "2014.11.20"]
[SourceVersion "1"]
[SourceVersionDate "2014.11.20"]
[SourceQuality "1"]

1. e4 c5 2. Nf3 d6 3. d4 cxd4 4. Nxd4 Nf6 5. Nc3 a6 6. Bg5 e6 7. f4 h6 8. Bh4 Qb6 9. Qd2 Qxb2 10. Nb3 Be7 11. Bxf6 Bxf6 12. e5 Bd8 13. Rb1 Qa3 14. exd6 0-0 15. Be2 Bb6 16. Nc1 Ba5 17. Rb3 Qc5 18. Bf3 Nc6 19. Bxc6 bxc6 20. d7 Bxd7 21. Nd3 Qa7 22. Qf2 Qc7 23. 0-0 Rab8 24. Ne4 c5 25. c4 Bc6 26. Qe3 Rxb3 27. axb3 Qb7 28. Nexc5 Bb6 29. Rf2 Rc8 30. Kf1 Qe7 31. b4 Be8 32. f5 a5 33. f6 Qd6 34. Qh3 axb4 35. fxg7 Rxc5 0-1

[Event "Chigorin Memorial 22nd"]
[Site "St Petersburg"]
[Date "2014.10.24"]
[Round "7"]
[White "Ivanov, Rostislav"]
[Black "Ofitserian, Boris"]
[Result "1-0"]
[WhiteElo "2129"]
[BlackElo "2282"]
[PlyCount "59"]
[EventDate "2014.10.18"]
[EventType "swiss"]
[EventRounds "9"]
[EventCountry "RUS"]
[SourceTitle "EXT 2015"]
[Source "ChessBase"]
[SourceDate "2014.11.20"]
[SourceVersion "1"]
[SourceVersionDate "2014.11.20"]
[SourceQuality "1"]

1. e4 c5 2. Nf3 d6 3. d4 cxd4 4. Nxd4 Nf6 5. Nc3 a6 6. Bg5 Nbd7 7. f4 Qc7 8. Qd2 e6 9. Be2 b5 10. a3 Bb7 11. Bf3 Be7 12. 0-0-0 0-0 13. g4 h6 14. h4 Rfc8 15. Bxf6 Nxf6 16. g5 Nd7 17. gxh6 Bf6 18. hxg7 Nb6 19. f5 Kh7 20. fxe6 fxe6 21. Qf4 Qe7 22. Qg4 Qxg7 23. Nxe6 Qxg4 24. Bxg4 Rc6 25. Ne2 Bc8 26. Rhf1 Bxe6 27. Bxe6 Kg7 28. Rg1+ Kf8 29. Nf4 Ke7 30. Bd5 1-0

[Event "Chigorin Memorial 22nd"]
[Site "St Petersburg"]
[Date "2014.10.23"]
[Round "6"]
[White "Makarevich, Julia"]
[Black "Ivanov, Rostislav"]
[Result "0-1"]
[WhiteElo "1934"]
[BlackElo "2129"]
[PlyCount "64"]
[EventDate "2014.10.18"]
[EventType "swiss"]
[EventRounds "9"]
[EventCountry "RUS"]
[SourceTitle "EXT 2015"]
[Source "ChessBase"]
[SourceDate "2014.11.20"]
[SourceVersion "1"]
[SourceVersionDate "2014.11.20"]
[SourceQuality "1"]

1. d4 Nf6 2. c4 c5 3. d5 e6 4. Nc3 exd5 5. cxd5 d6 6. Nf3 g6 7. Bf4 Bg7 8. Qa4+ Bd7 9. Qb3 Qc7 10. e4 0-0 11. Nd2 Re8 12. Be2 a6 13. a4 Bc8 14. 0-0 Nbd7 15. Rfe1 Rb8 16. Nc4 Bf8 17. Nd2 Ne5 18. a5 h6 19. Bxe5 Rxe5 20. f4 Re8 21. Bd3 Bg7 22. Nc4 Qd8 23. e5 dxe5 24. Nxe5 Ng4 25. Nf3 b5 26. axb6 Rxe1+ 27. Rxe1 Rxb6 28. Qc4 Rxb2 29. Qxc5 Rb3 30. Rc1 Bf8 31. Qc4 Qb6+ 32. Nd4 Rb4 0-1

[Event "Chigorin Memorial 20th"]
[Site "St Petersburg"]
[Date "2012.10.31"]
[Round "5"]
[White "Ivanov, Rostislav"]
[Black "Sichinava, Zviad"]
[Result "1/2-1/2"]
[WhiteElo "2146"]
[BlackElo "2339"]
[PlyCount "88"]
[EventDate "2012.10.27"]
[EventType "swiss"]
[EventRounds "9"]
[EventCountry "RUS"]
[SourceTitle "EXT 2013"]
[Source "ChessBase"]
[SourceDate "2012.11.22"]
[SourceVersion "1"]
[SourceVersionDate "2012.11.22"]
[SourceQuality "1"]

1. e4 e6 2. d4 d5 3. Nc3 Bb4 4. e5 c5 5. a3 Ba5 6. Qg4 Ne7 7. Qxg7 Rg8 8. Qxh7 cxd4 9. b4 dxc3 10. bxa5 Qxa5 11. Nf3 Nbc6 12. Bg5 Bd7 13. h4 0-0-0 14. Bf6 Qc5 15. h5 Rg4 16. Qd3 Re8 17. Rh4 Rxh4 18. Bxh4 Nf5 19. Bf6 Rg8 20. Rb1 Na5 21. Bg5 Nc6 22. Rb3 d4 23. Bf6 Na5 24. Rb4 Nc6 25. Qb5 Qxb5 26. Rxb5 a6 27. Rb1 Nce7 28. Rd1 Rg4 29. Bd3 Bc6 30. Kf1 Ng8 31. Bxf5 exf5 32. Nxd4 Bxg2+ 33. Ke2 Nxf6 34. exf6 Re4+ 35. Kd3 Rh4 36. f3 Rxh5 37. Rg1 Rh2 38. Kxc3 Kd7 39. Re1 Rh3 40. Re7+ Kd6 41. Nxf5+ Kc5 42. Re5+ Kb6 43. Kb2 Bxf3 44. Nd6 Rh6 1/2-1/2

[Event "Chigorin Memorial 19th"]
[Site "St Petersburg"]
[Date "2011.10.15"]
[Round "2"]
[White "Ivanov, Rostislav"]
[Black "Safronov, Kirill"]
[Result "1-0"]
[WhiteElo "2202"]
[BlackElo "1932"]
[PlyCount "47"]
[EventDate "2011.10.14"]
[EventType "swiss"]
[EventRounds "9"]
[EventCountry "RUS"]
[SourceTitle "CBM 144 Extra"]
[Source "ChessBase"]
[SourceDate "2011.10.28"]
[SourceVersion "1"]
[SourceVersionDate "2011.10.28"]
[SourceQuality "1"]

1. e4 c6 2. d4 d5 3. e5 Bf5 4. Nc3 e6 5. g4 Bg6 6. Nge2 c5 7. Be3 Nc6 8. dxc5 Nxe5 9. Nd4 a6 10. f4 Nc6 11. f5 exf5 12. gxf5 Nxd4 13. Qxd4 Bxf5 14. Nxd5 Ne7 15. Bg2 Nxd5 16. Bxd5 Qa5+ 17. b4 Qc7 18. 0-0 Bg6 19. Bf4 Qd7 20. Rfe1+ Kd8 21. Rad1 Bf5 22. Bxb7 Ra7 23. Qe5 Rxb7 24. Qe8# 1-0

[Event "Privolzhskogo FO-ch"]
[Site "Togliatti"]
[Date "2011.03.16"]
[Round "7"]
[White "Ivanov, Rostislav"]
[Black "Tsarukian, Elis"]
[Result "1/2-1/2"]
[WhiteElo "2235"]
[BlackElo "2201"]
[PlyCount "122"]
[EventDate "2011.03.10"]
[EventType "swiss"]
[EventRounds "9"]
[EventCountry "RUS"]
[SourceTitle "CBM 141 Extra"]
[Source "ChessBase"]
[SourceDate "2011.05.03"]
[SourceVersion "1"]
[SourceVersionDate "2011.05.03"]
[SourceQuality "1"]

1. e4 c5 2. Nf3 Nc6 3. d4 cxd4 4. Nxd4 Nf6 5. Nc3 e5 6. Ndb5 d6 7. Bg5 a6 8. Bxf6 gxf6 9. Na3 b5 10. Nd5 f5 11. g3 Bg7 12. Bg2 0-0 13. 0-0 fxe4 14. Bxe4 f5 15. Bg2 Rb8 16. c3 Be6 17. Nc2 Kh8 18. Ndb4 Nxb4 19. Nxb4 Rb6 20. a4 bxa4 21. Rxa4 a5 22. Rxa5 e4 23. Qe2 d5 24. Rd1 d4 25. Qd2 Bb3 26. Rb1 Rd6 27. Ra6 Rxa6 28. Nxa6 Qb6 29. Nb4 Rd8 30. Qg5 Rf8 31. Bf1 Bh6 32. Qe7 d3 33. Ra1 d2 34. Be2 e3 35. fxe3 Qxe3+ 36. Qxe3 Bxe3+ 37. Kg2 Bc5 38. Bd1 Bc4 39. b3 Bb5 40. Ra5 Bxb4 41. cxb4 Bc6+ 42. Kf2 f4 43. Ra2 fxg3+ 44. Kxg3 Rd8 45. Kf2 Bb5 46. Ra5 Rd5 47. Ke3 Kg7 48. Ra2 Rd3+ 49. Ke4 Rd7 50. Ke3 Rd3+ 51. Kf2 Kf6 52. Ra7 Rh3 53. Rb7 Be8 54. b5 Rxh2+ 55. Ke3 Bf7 56. b6 Bxb3 57. Bxb3 Rh3+ 58. Kxd2 Rxb3 59. Rxh7 Ke5 60. Rh6 Kd5 61. Kc2 Rg3 1/2-1/2

[Event "Privolzhskogo FO-ch"]
[Site "Togliatti"]
[Date "2011.03.11"]
[Round "2"]
[White "Glukhov, Alexander"]
[Black "Ivanov, Rostislav"]
[Result "1-0"]
[WhiteElo "2050"]
[BlackElo "2235"]
[PlyCount "63"]
[EventDate "2011.03.10"]
[EventType "swiss"]
[EventRounds "9"]
[EventCountry "RUS"]
[SourceTitle "CBM 141 Extra"]
[Source "ChessBase"]
[SourceDate "2011.05.03"]
[SourceVersion "1"]
[SourceVersionDate "2011.05.03"]
[SourceQuality "1"]

1. e4 c5 2. Nf3 d6 3. Nc3 a6 4. d4 cxd4 5. Nxd4 Nf6 6. Be2 e5 7. Nb3 Be7 8. Be3 0-0 9. g4 Be6 10. g5 Ne8 11. Qd2 Nd7 12. 0-0-0 b5 13. Kb1 Qc7 14. h4 Rc8 15. h5 b4 16. Nd5 Bxd5 17. exd5 a5 18. Bb5 Rd8 19. g6 Ndf6 20. Rdg1 Rb8 21. Bc6 Bd8 22. Bh6 Qe7 23. Bxe8 Nxe8 24. Bxg7 Nxg7 25. Qh6 fxg6 26. hxg6 hxg6 27. Rxg6 Qf6 28. Rxf6 Bxf6 29. Nxa5 Rb5 30. Nc4 Rxd5 31. Ne3 Rd4 32. Nf5 1-0

[Event "Chigorin Memorial 18th"]
[Site "St Petersburg"]
[Date "2010.11.03"]
[Round "7"]
[White "Ivanov, Rostislav"]
[Black "Balaian, Artur"]
[Result "1-0"]
[WhiteElo "2247"]
[BlackElo "2043"]
[PlyCount "47"]
[EventDate "2010.10.28"]
[EventType "swiss"]
[EventRounds "9"]
[EventCountry "RUS"]
[SourceTitle "EXT 2011"]
[Source "ChessBase"]
[SourceDate "2010.11.26"]
[SourceVersion "1"]
[SourceVersionDate "2010.11.26"]
[SourceQuality "1"]

1. e4 e5 2. Nf3 Nc6 3. Bb5 f5 4. Nc3 fxe4 5. Nxe4 Nf6 6. Nxf6+ Qxf6 7. 0-0 d5 8. Nxe5 Be7 9. Nxc6 bxc6 10. Qh5+ g6 11. Qxd5 Bd7 12. Qe4 Rb8 13. Bc4 Bf5 14. Qe3 Bxc2 15. Re1 Rf8 16. b3 Kd8 17. Bb2 Qd6 18. d3 Kd7 19. Qxe7+ Qxe7 20. Rxe7+ Kxe7 21. Ba3+ Kf6 22. Bxf8 Rxf8 23. Rc1 Re8 24. Kf1 1-0

[Event "Perm op 06"]
[Site "Perm"]
[Date "2010.06.29"]
[Round "8"]
[White "Dragunov, Viacheslav"]
[Black "Ivanov, Rostislav"]
[Result "0-1"]
[WhiteElo "2033"]
[BlackElo "2272"]
[PlyCount "80"]
[EventDate "2010.06.21"]
[EventType "swiss"]
[EventRounds "9"]
[EventCountry "RUS"]
[SourceTitle "CBM 137 Extra"]
[Source "ChessBase"]
[SourceDate "2010.09.01"]
[SourceVersion "1"]
[SourceVersionDate "2010.09.01"]
[SourceQuality "1"]

1. e4 c5 2. Nf3 d6 3. Nc3 a6 4. d4 cxd4 5. Nxd4 Nf6 6. Be2 e5 7. Nb3 Be7 8. Be3 0-0 9. 0-0 Nbd7 10. f4 b5 11. a3 Bb7 12. Bf3 Rc8 13. Qd3 Qc7 14. Rad1 Rfe8 15. Rf2 Bf8 16. Rfd2 Nb6 17. Na5 Ba8 18. Kh1 Qb8 19. f5 Nc4 20. Nxc4 bxc4 21. Qe2 Qxb2 22. Na4 Qxa3 23. Nb6 d5 24. Nxc8 Rxc8 25. Bg5 dxe4 26. Bg4 Be7 27. Rg1 h6 28. Bh4 e3 29. Rdd1 Qc5 30. Rge1 Qc6 31. Bh3 Bb4 32. Rf1 Bd2 33. Rxd2 exd2 34. Qxd2 Re8 35. Re1 c3 36. Qe2 a5 37. Bxf6 Qxf6 38. Qb5 Bc6 39. Qxa5 e4 40. Re3 Ra8 0-1

[Event "PriFR-ch Seniors"]
[Site "Izhevsk"]
[Date "2010.03.19"]
[Round "7"]
[White "Gumerov, Renant"]
[Black "Ivanov, Rostislav"]
[Result "0-1"]
[WhiteElo "2207"]
[BlackElo "2260"]
[PlyCount "120"]
[EventDate "2010.03.13"]
[EventType "swiss"]
[EventRounds "9"]
[EventCountry "RUS"]
[SourceTitle "EXT 2012"]
[Source "ChessBase"]
[SourceDate "2011.11.24"]
[SourceVersion "1"]
[SourceVersionDate "2011.11.24"]
[SourceQuality "1"]

1. d4 g6 2. c4 Nf6 3. Nc3 Bg7 4. e4 d6 5. f4 0-0 6. Nf3 c5 7. d5 e6 8. Be2 exd5 9. e5 dxe5 10. fxe5 Ng4 11. Bg5 Qa5 12. 0-0 d4 13. Nd5 Be6 14. Nf6+ Nxf6 15. exf6 Bh8 16. Nd2 Rd8 17. Bg4 Bxg4 18. Qxg4 Nd7 19. Ne4 Qb6 20. b3 Qc6 21. Rae1 Re8 22. Rf4 Re5 23. Ref1 Rae8 24. Ng3 R8e6 25. Qh4 Re1 26. h3 Rxf1+ 27. Rxf1 d3 28. Rd1 Qd6 29. Kh1 Bxf6 30. Ne4 Rxe4 31. Qxe4 Bxg5 32. Rxd3 Qc7 33. Qd5 Ne5 34. Rd1 Kg7 35. Re1 Bf6 36. Re4 b6 37. a3 Nc6 38. Re8 Nd4 39. b4 Nf5 40. bxc5 bxc5 41. g4 Ne7 42. Qe4 Qg3 43. Qg2 Qxa3 44. Qf1 Qb2 45. Qd3 Be5 46. Kg1 Bd4+ 47. Kh1 Qf2 48. Qd1 Nc6 49. Re4 a5 50. g5 Qg3 51. Qf1 Qxg5 52. h4 Qf5 53. Rf4 Qe6 54. h5 Ne5 55. Rf6 Qg4 56. h6+ Kxh6 57. Rf4 Qd7 58. Kh2 Kg7 59. Qc1 Nd3 60. Rxd4 Qc7+ 0-1

[Event "Chigorin Memorial 17th"]
[Site "St Petersburg"]
[Date "2009.10.20"]
[Round "5"]
[White "Ivanov, Rostislav"]
[Black "Kovalenko, Vladimir1111"]
[Result "1-0"]
[WhiteElo "2287"]
[BlackElo "2153"]
[PlyCount "93"]
[EventDate "2009.10.16"]
[EventType "swiss"]
[EventRounds "9"]
[EventCountry "RUS"]
[SourceTitle "CBM 132 Extra"]
[Source "ChessBase"]
[SourceDate "2009.11.03"]
[SourceVersion "1"]
[SourceVersionDate "2009.11.03"]
[SourceQuality "1"]

1. e4 c5 2. Nf3 e6 3. d4 cxd4 4. Nxd4 a6 5. Nc3 Qc7 6. a3 Nc6 7. Be3 Nf6 8. Bd3 Bd6 9. h3 Be5 10. Nde2 d5 11. exd5 exd5 12. Bg5 d4 13. Nb1 h6 14. Bh4 Be6 15. 0-0 g5 16. Bg3 0-0-0 17. Nd2 g4 18. h4 Nh5 19. Ne4 Kb8 20. Qd2 Ne7 21. Bxe5 Qxe5 22. N4g3 Nd5 23. Nxh5 Qxh5 24. g3 Qe5 25. Rae1 Qf6 26. Be4 Nb6 27. Nf4 Bc4 28. Bd3 Rd7 29. Re4 Ka7 30. Rfe1 Rg8 31. Re5 Bxd3 32. Qxd3 Qc6 33. b3 Rc8 34. R1e2 Qd6 35. a4 Qa3 36. a5 Na8 37. Nd5 Qa1+ 38. Kg2 Rc5 39. Qf5 d3 40. Qxd3 Rxa5 41. Qe3+ b6 42. c4 Qb1 43. Re1 Qg6 44. b4 Ra2 45. Re7 Qc6 46. Rxd7+ Qxd7 47. Qf4 1-0

[Event "Chigorin Memorial 17th"]
[Site "St Petersburg"]
[Date "2009.10.16"]
[Round "1"]
[White "Ivanov, Rostislav"]
[Black "Andriasian, Zaven"]
[Result "0-1"]
[WhiteElo "2287"]
[BlackElo "2612"]
[PlyCount "154"]
[EventDate "2009.10.16"]
[EventType "swiss"]
[EventRounds "9"]
[EventCountry "RUS"]
[SourceTitle "CBM 132 Extra"]
[Source "ChessBase"]
[SourceDate "2009.11.03"]
[SourceVersion "1"]
[SourceVersionDate "2009.11.03"]
[SourceQuality "1"]

1. e4 c5 2. Nf3 d6 3. d4 cxd4 4. Nxd4 Nf6 5. Nc3 a6 6. Bg5 e6 7. f4 Be7 8. Qf3 Qc7 9. 0-0-0 h6 10. Bh4 Nbd7 11. Bd3 b5 12. e5 Bb7 13. Qh3 dxe5 14. Nxe6 fxe6 15. Bg6+ Kf8 16. Bxf6 Bxf6 17. Qxe6 Nc5 18. Qf5 Rc8 19. fxe5 Qxe5 20. Qxe5 Bxe5 21. Nd5 Rd8 22. Rhe1 Bf6 23. g4 Bc6 24. b4 Na4 25. Nxf6 Rxd1+ 26. Rxd1 gxf6 27. Rd6 Bf3 28. Rxf6+ Kg7 29. Rxa6 Be2 30. Kd2 Bc4 31. Bf5 Re8 32. Rg6+ Kf7 33. Rxh6 Re2+ 34. Kc1 Nc3 35. h4 Nxa2+ 36. Kb2 Nxb4 37. g5 Rf2 38. Bg6+ Kg7 39. h5 Rg2 40. Be4 Rxg5 41. Rg6+ Rxg6 42. Bxg6 Nd5 43. Be4 Kh6 44. Bf3 Kg5 45. Bd1 Kf6 46. Bg4 Kg5 47. Bf3 Kf5 48. c3 Kg5 49. Bd1 Kf5 50. Bf3 Ke5 51. Bd1 Ne3 52. Bf3 Bd3 53. Kb3 Kd6 54. Kb4 Nc2+ 55. Kb3 Kc5 56. h6 Ne3 57. Bh5 Bh7 58. Bf7 Nf5 59. Be6 Nxh6 60. Kb2 Nf5 61. Bf7 Nd6 62. Be6 Be4 63. Bg8 Nc8 64. Be6 Nb6 65. Bb3 Bd5 66. Bd1 Nc4+ 67. Kc1 Be4 68. Be2 Kd6 69. Bg4 Bd3 70. Bh5 Ne5 71. Kd2 Kc5 72. Kc1 Kc4 73. Kb2 Kd5 74. Kb3 Bc4+ 75. Kb4 Nd3+ 76. Ka5 Kc5 77. Be8 Ne5 0-1

[Event "Perm op 04"]
[Site "Perm"]
[Date "2009.04.29"]
[Round "8"]
[White "Ivanov, Rostislav"]
[Black "Goldshtein, Grigory"]
[Result "1-0"]
[WhiteElo "2238"]
[BlackElo "2202"]
[PlyCount "29"]
[EventDate "2009.04.20"]
[EventType "swiss"]
[EventRounds "8"]
[EventCountry "RUS"]
[SourceTitle "EXT 2022"]
[Source "ChessBase"]
[SourceDate "2021.10.06"]
[SourceVersion "1"]
[SourceVersionDate "2021.10.06"]
[SourceQuality "1"]

1. e4 c5 2. Nf3 d6 3. d4 cxd4 4. Nxd4 Nf6 5. Nc3 g6 6. Be3 Bg7 7. f3 0-0 8. Qd2 Nc6 9. Bc4 Bd7 10. 0-0-0 Ne5 11. Bb3 b5 12. Ndxb5 Bxb5 13. Nxb5 Rb8 14. Nc3 Qa5 15. Nd5 1-0